Statistics for En Çok Fındık Üreten 10 İl

Click here to take the quiz!

General Stats

  • This quiz has been taken 804 times
  • The average score is 7 of 10

Answer Stats

Üretim(Ton)SıralamaCevap% Correct
40.3156.Trabzon
94%
197.2301.Ordu
93%
84.1674.Giresun
91%
123.5552.Samsun
85%
9.6589.Kastamonu
60%
23.1137.Zonguldak
59%
57.3305.Düzce
52%
91.3973.Sakarya
52%
5.86810.Bartın
50%
14.1138.Kocaeli
40%

Score Distribution

Percentile by Number Answered

Percent of People with Each Score

Your Score History

You have not taken this quiz